000 01222nam a2200361 a 4500
999 _c142063
_d142063
001 vtls000684859
003 PNM
005 20180728150128.0
008 120725t20112011my a e | 000 0 may
015 _aM13-05663
020 _a9789673910168
_qhardback
039 9 _a201309131007
_bhabirah
_c201309121505
_dfidyawati
_c201304150839
_dkhuraisah
_c201210091423
_dladduni
040 _aBNM
_cPNM
_beng
_dPPAK
_erda
049 _aklpmal
082 0 4 _a305.235
_223
090 2 0 _a305.235
_bZIY
_dG
100 0 _aZiyana Azimin
_eauthor
245 1 0 _aKE MANA HILANGNYA JATI DIRI REMAJA /
_cZiyana Azimin
_nJILID 2
264 1 _aSeri Kembangan, Selangor :
_bPenerbitan Premier,
_c2011
264 4 _c© 2011
300 _aiv, 44 pages :
_bcolour illustrations ;
_c31 cm
336 _2rdacontent
_atext
337 _2rdamedia
_aunmediated
338 _2rdacarrier
_avolume
490 1 _aSIRI PEMBANGUNAN SIVIK MEMBENTUK JIWA CEMERLANG
500 _aJilid 2
504 _aincludes bibliographical references : pages 44
650 1 0 _aTeenagers
_xConduct of life
650 2 0 _aTeenagers
_xSocial aspects
650 2 0 _aYouth
_xConduct of life
830 0 _aSiri pembangunan sivik membentuk jiwa cemerlang
942 _2ddc
_cB